[Event "World Youth & Cadets Blitz Championships"]
[Site "Rhodes, Greece"]
[Date "2022.05.03"]
[Round "7.41"]
[White "Onipko, Kateryna"]
[Black "Galmidi, Ester"]
[Result "1-0"]
[TimeControl "5'/game & 2\"/move"]
[WhiteElo "1439"]
[BlackElo "1069"]

1. d4 {[%clk 00:05:03]} {[%emt 00:00:02]} d6 {[%clk 00:05:01]} {[%emt
00:00:03]} 2. c4 {[%clk 00:05:04]} {[%emt 00:00:01]} e5 {[%clk 00:05:00]}
{[%emt 00:00:02]} 3. dxe5 {[%clk 00:05:04]} {[%emt 00:00:02]} dxe5 {[%clk
00:05:01]} {[%emt 00:00:01]} 4. Qxd8+ {[%clk 00:05:04]} {[%emt 00:00:02]} Kxd8
{[%clk 00:05:02]} {[%emt 00:00:01]} 5. Nf3 {[%clk 00:05:04]} {[%emt 00:00:02]}
Nc6 {[%clk 00:05:01]} {[%emt 00:00:03]} 6. Nc3 {[%clk 00:05:03]} {[%emt
00:00:03]} Bf5 {[%clk 00:05:00]} {[%emt 00:00:03]} 7. e4 {[%clk 00:04:50]}
{[%emt 00:00:15]} Bg6 {[%clk 00:04:55]} {[%emt 00:00:07]} 8. Be3 {[%clk
00:04:46]} {[%emt 00:00:05]} Nb4 {[%clk 00:04:53]} {[%emt 00:00:04]} 9. Rd1+
{[%clk 00:04:39]} {[%emt 00:00:10]} Bd6 {[%clk 00:04:38]} {[%emt 00:00:17]} 10.
c5 {[%clk 00:04:38]} {[%emt 00:00:04]} Nc2+ {[%clk 00:04:28]} {[%emt 00:00:11]}
11. Ke2 {[%clk 00:04:38]} {[%emt 00:00:02]} Nd4+ {[%clk 00:04:11]} {[%emt
00:00:18]} 12. Nxd4 {[%clk 00:04:37]} {[%emt 00:00:04]} exd4 {[%clk 00:04:07]}
{[%emt 00:00:06]} 13. Rxd4 {[%clk 00:04:36]} {[%emt 00:00:51]} Kd7 {[%clk
00:03:50]} {[%emt 00:00:48]} 14. cxd6 {[%clk 00:05:35]} {[%emt 00:00:03]} cxd6
{[%clk 00:03:47]} {[%emt 00:00:05]} 15. e5 {[%clk 00:05:35]} {[%emt 00:00:02]}
Ne7 {[%clk 00:03:15]} {[%emt 00:00:34]} 16. exd6 {[%clk 00:05:34]} {[%emt
00:00:03]} Nf5 {[%clk 00:03:14]} {[%emt 00:00:04]} 17. Rd1 {[%clk 00:05:34]}
{[%emt 00:00:02]} Bh5+ {[%clk 00:03:09]} {[%emt 00:00:07]} 18. f3 {[%clk
00:05:34]} {[%emt 00:00:02]} Rhe8 {[%clk 00:02:57]} {[%emt 00:00:13]} 19. Rd3
{[%clk 00:05:35]} {[%emt 00:00:02]} Re6 {[%clk 00:02:50]} {[%emt 00:00:09]} 20.
g4 {[%clk 00:05:07]} {[%emt 00:00:31]} Nxe3 {[%clk 00:02:48]} {[%emt 00:00:03]}
21. Rxe3 {[%clk 00:05:07]} {[%emt 00:00:02]} Rxe3+ {[%clk 00:02:48]} {[%emt
00:00:02]} 22. Kxe3 {[%clk 00:05:07]} {[%emt 00:00:01]} Bg6 {[%clk 00:02:48]}
{[%emt 00:00:02]} 23. Nb5 {[%clk 00:05:05]} {[%emt 00:00:04]} a6 {[%clk
00:02:44]} {[%emt 00:00:07]} 24. Nc7 {[%clk 00:05:04]} {[%emt 00:00:04]} Rc8
{[%clk 00:02:34]} {[%emt 00:00:08]} 25. Nd5 {[%clk 00:05:03]} {[%emt 00:00:06]}
Kxd6 {[%clk 00:02:19]} {[%emt 00:00:17]} 26. Nc3 {[%clk 00:05:01]} {[%emt
00:00:04]} Re8+ {[%clk 00:02:18]} {[%emt 00:00:02]} 27. Kf2 {[%clk 00:04:59]}
{[%emt 00:00:04]} f5 {[%clk 00:02:11]} {[%emt 00:00:09]} 28. gxf5 {[%clk
00:04:59]} {[%emt 00:00:03]} Bxf5 {[%clk 00:02:11]} {[%emt 00:00:01]} 29. Rg1
{[%clk 00:04:58]} {[%emt 00:00:03]} g6 {[%clk 00:02:12]} {[%emt 00:00:01]} 30.
Rg3 {[%clk 00:04:56]} {[%emt 00:00:04]} h5 {[%clk 00:02:06]} {[%emt 00:00:08]}
31. Bh3 {[%clk 00:04:57]} {[%emt 00:00:02]} Bxh3 {[%clk 00:02:01]} {[%emt
00:00:06]} 32. Rxh3 {[%clk 00:04:58]} {[%emt 00:00:02]} Rh8 {[%clk 00:02:00]}
{[%emt 00:00:03]} 33. Rh4 {[%clk 00:04:59]} {[%emt 00:00:01]} g5 {[%clk
00:02:00]} {[%emt 00:00:02]} 34. Rd4+ {[%clk 00:04:58]} {[%emt 00:00:03]} Ke5
{[%clk 00:02:00]} {[%emt 00:00:02]} 35. Rd5+ {[%clk 00:04:58]} {[%emt
00:00:02]} Kf4 {[%clk 00:01:57]} {[%emt 00:00:02]} 36. Rd4+ {[%clk 00:04:57]}
{[%emt 00:00:06]} Ke5 {[%clk 00:01:55]} {[%emt 00:00:04]} 37. Ke3 {[%clk
00:04:56]} {[%emt 00:00:03]} h4 {[%clk 00:01:52]} {[%emt 00:00:04]} 38. Rd5+
{[%clk 00:04:55]} {[%emt 00:00:04]} Ke6 {[%clk 00:01:50]} {[%emt 00:00:03]} 39.
Rxg5 {[%clk 00:04:53]} {[%emt 00:00:04]} Kf6 {[%clk 00:01:48]} {[%emt
00:00:05]} 40. Rg4 {[%clk 00:04:48]} {[%emt 00:00:07]} h3 {[%clk 00:01:42]}
{[%emt 00:00:08]} 41. Ne4+ {[%clk 00:04:43]} {[%emt 00:00:06]} Kf5 {[%clk
00:01:37]} {[%emt 00:00:07]} 42. Ng5 {[%clk 00:04:42]} {[%emt 00:00:03]} Re8+
{[%clk 00:01:31]} {[%emt 00:00:08]} 43. Re4 {[%clk 00:04:38]} {[%emt 00:00:06]}
Rxe4+ {[%clk 00:01:16]} {[%emt 00:00:18]} 44. Nxe4 {[%clk 00:04:37]} {[%emt
00:00:03]} Ke5 {[%clk 00:01:15]} {[%emt 00:00:03]} 45. Ng5 {[%clk 00:04:37]}
{[%emt 00:00:01]} Kf5 {[%clk 00:01:16]} {[%emt 00:00:02]} 46. Nxh3 {[%clk
00:04:38]} b5 {[%clk 00:01:16]} {[%emt 00:00:01]} 47. f4 {[%clk 00:04:38]} a5
{[%clk 00:01:17]} {[%emt 00:00:02]} 48. Ng5 {[%clk 00:04:39]} a4 {[%clk
00:01:18]} {[%emt 00:00:02]} 49. h4 {[%clk 00:04:40]} Kg4 {[%clk 00:01:16]}
{[%emt 00:00:04]} 50. Ke4 {[%clk 00:04:38]} {[%emt 00:00:04]} b4 {[%clk
00:01:16]} {[%emt 00:00:02]} 51. f5 {[%clk 00:04:38]} {[%emt 00:00:02]} Kxh4
{[%clk 00:01:13]} {[%emt 00:00:04]} 52. f6 {[%clk 00:04:40]} {[%emt 00:00:01]}
Kxg5 {[%clk 00:01:11]} {[%emt 00:00:03]} 53. f7 {[%clk 00:04:41]} b3 {[%clk
00:01:12]} {[%emt 00:00:02]} 54. a3 {[%clk 00:04:42]} Kg6 {[%clk 00:01:07]}
{[%emt 00:00:06]} 55. f8=Q {[%clk 00:04:42]} {[%emt 00:00:02]} Kg5 {[%clk
00:01:07]} {[%emt 00:00:02]} 56. Qf7 {[%clk 00:04:42]} {[%emt 00:00:03]} Kg4
{[%clk 00:01:06]} {[%emt 00:00:02]} 57. Qf6 {[%clk 00:04:43]} {[%emt 00:00:01]}
Kh5 {[%clk 00:01:05]} {[%emt 00:00:04]} 58. Qg7 {[%clk 00:04:44]} {[%emt
00:00:01]} Kh4 {[%clk 00:01:04]} {[%emt 00:00:02]} 59. Kf3 {[%clk 00:04:44]}
{[%emt 00:00:02]} Kh5 {[%clk 00:01:03]} {[%emt 00:00:02]} 60. Kf4 {[%clk
00:04:45]} {[%emt 00:00:03]} Kh4 {[%clk 00:01:02]} {[%emt 00:00:02]} 61. Qg5
{[%clk 00:04:44]} {[%emt 00:00:03]} Kh3 {[%clk 00:00:56]} {[%emt 00:00:08]} 62.
Qg3+ {[%emt 00:00:09]} 1-0

[Event "World Youth & Cadets Blitz Championships"]
[Site "Rhodes, Greece"]
[Date "2022.05.03"]
[Round "7.42"]
[White "Olariu-Chilut, Sofia"]
[Black "Berezovskaya, Arina"]
[Result "0-1"]
[TimeControl "5'/game & 2\"/move"]
[WhiteElo "1149"]
[BlackElo "1310"]

1. e4 {[%clk 00:05:02]} {[%emt 00:00:03]} e5 {[%clk 00:05:03]} {[%emt
00:00:01]} 2. Nf3 {[%clk 00:05:03]} Nf6 {[%clk 00:05:04]} {[%emt 00:00:01]} 3.
Nc3 {[%clk 00:05:04]} {[%emt 00:00:01]} Nc6 {[%clk 00:05:05]} {[%emt 00:00:01]}
4. d4 {[%clk 00:05:05]} {[%emt 00:00:01]} exd4 {[%clk 00:05:05]} {[%emt
00:00:01]} 5. Nxd4 {[%clk 00:05:06]} {[%emt 00:00:01]} Bb4 {[%clk 00:05:02]}
{[%emt 00:00:06]} 6. Nxc6 {[%clk 00:05:06]} {[%emt 00:00:01]} bxc6 {[%clk
00:05:01]} {[%emt 00:00:03]} 7. Bd3 {[%clk 00:05:07]} {[%emt 00:00:01]} d5
{[%clk 00:04:58]} {[%emt 00:00:06]} 8. exd5 {[%clk 00:05:07]} cxd5 {[%clk
00:04:59]} {[%emt 00:00:01]} 9. O-O {[%clk 00:05:08]} {[%emt 00:00:02]} O-O
{[%clk 00:04:55]} {[%emt 00:00:05]} 10. Bg5 {[%clk 00:05:08]} {[%emt 00:00:02]}
Bxc3 {[%clk 00:04:52]} {[%emt 00:00:05]} 11. bxc3 {[%clk 00:05:07]} {[%emt
00:00:03]} c6 {[%clk 00:04:43]} {[%emt 00:00:12]} 12. h3 {[%clk 00:05:06]}
{[%emt 00:00:01]} h6 {[%clk 00:04:37]} {[%emt 00:00:09]} 13. Be3 {[%clk
00:04:55]} {[%emt 00:00:12]} Be6 {[%clk 00:04:14]} {[%emt 00:00:26]} 14. Re1
{[%clk 00:04:46]} {[%emt 00:00:09]} Ne4 {[%clk 00:03:50]} {[%emt 00:00:27]} 15.
Bxe4 {[%clk 00:04:40]} {[%emt 00:00:09]} dxe4 {[%clk 00:03:50]} {[%emt
00:00:02]} 16. Qxd8 {[%clk 00:04:40]} {[%emt 00:00:02]} Rfxd8 {[%clk 00:03:47]}
{[%emt 00:00:06]} 17. Bd4 {[%clk 00:04:29]} {[%emt 00:00:13]} f5 {[%clk
00:03:31]} {[%emt 00:00:17]} 18. Rad1 {[%clk 00:03:54]} {[%emt 00:00:36]} Bxa2
{[%clk 00:02:52]} {[%emt 00:00:42]} 19. Bc5 {[%clk 00:03:45]} {[%emt 00:00:10]}
Be6 {[%clk 00:02:33]} {[%emt 00:00:22]} 20. Rxd8+ {[%clk 00:03:37]} {[%emt
00:00:10]} Rxd8 {[%clk 00:02:33]} {[%emt 00:00:02]} 21. Bxa7 {[%clk 00:03:37]}
{[%emt 00:00:03]} Rd2 {[%clk 00:02:29]} {[%emt 00:00:05]} 22. Be3 {[%clk
00:03:25]} {[%emt 00:00:13]} Rxc2 {[%clk 00:02:25]} {[%emt 00:00:07]} 23. Bd4
{[%clk 00:03:26]} c5 {[%clk 00:01:56]} {[%emt 00:00:32]} 24. Be5 {[%clk
00:03:13]} {[%emt 00:00:14]} Kf7 {[%clk 00:01:41]} {[%emt 00:00:15]} 25. Re3
{[%clk 00:03:05]} {[%emt 00:00:11]} Ba2 {[%clk 00:01:03]} {[%emt 00:00:41]} 26.
Rg3 {[%clk 00:02:51]} {[%emt 00:00:15]} g5 {[%clk 00:01:00]} {[%emt 00:00:05]}
27. Re3 {[%clk 00:02:40]} {[%emt 00:00:14]} c4 {[%clk 00:00:45]} {[%emt
00:00:17]} 28. f4 {[%clk 00:02:33]} {[%emt 00:00:09]} Ke6 {[%emt 00:00:20]} 29.
Bg7 {[%clk 00:02:30]} gxf4 {[%clk 00:00:29]} {[%emt 00:00:04]} 30. Re1 {[%clk
00:02:26]} {[%emt 00:00:07]} h5 {[%clk 00:00:26]} {[%emt 00:00:04]} 31. Bh6
{[%clk 00:02:23]} {[%emt 00:00:06]} Ke5 {[%clk 00:00:18]} {[%emt 00:00:11]} 32.
Bg7+ {[%clk 00:02:23]} {[%emt 00:00:01]} Kd5 {[%clk 00:00:17]} {[%emt
00:00:03]} 33. Rd1+ {[%clk 00:02:13]} {[%emt 00:00:12]} Ke6 {[%clk 00:00:13]}
{[%emt 00:00:06]} 34. Rf1 {[%clk 00:01:54]} {[%emt 00:00:20]} e3 {[%clk
00:00:08]} {[%emt 00:00:08]} 35. Re1 {[%clk 00:01:46]} {[%emt 00:00:09]} e2
{[%emt 00:00:07]} 36. Bd4 {[%clk 00:01:37]} {[%emt 00:00:04]} Rd2 {[%clk
00:00:06]} {[%emt 00:00:06]} 37. Kh2 {[%clk 00:01:19]} {[%emt 00:00:20]} Kd5
{[%clk 00:00:04]} {[%emt 00:00:06]} 38. Bf2 {[%clk 00:01:02]} {[%emt 00:00:18]}
Ke4 {[%emt 00:00:14]} 39. h4 {[%clk 00:00:26]} {[%emt 00:00:25]} Kd3 {[%clk
00:00:06]} {[%emt 00:00:01]} 40. Bd4 {[%clk 00:00:17]} {[%emt 00:00:11]} Rd1
{[%clk 00:00:07]} 41. Rxd1+ {[%clk 00:00:18]} exd1=Q {[%emt 00:00:02]} 42. Be5
{[%clk 00:00:16]} {[%emt 00:00:03]} 0-1

[Event "World Youth & Cadets Blitz Championships"]
[Site "Rhodes, Greece"]
[Date "2022.05.03"]
[Round "7.44"]
[White "Bryant, Amelie"]
[Black "Gawerska, Karolina"]
[Result "1-0"]
[TimeControl "5'/game & 2\"/move"]
[WhiteElo "1153"]
[BlackElo "1035"]

1. d4 {[%clk 00:05:02]} {[%emt 00:00:01]} Nf6 {[%clk 00:05:02]} {[%emt
00:00:03]} 2. Nc3 {[%clk 00:05:02]} {[%emt 00:00:01]} e6 {[%clk 00:05:02]}
{[%emt 00:00:03]} 3. Bf4 {[%clk 00:05:01]} {[%emt 00:00:03]} Bb4 {[%clk
00:05:01]} {[%emt 00:00:02]} 4. a3 {[%clk 00:05:00]} {[%emt 00:00:02]} Ba5
{[%clk 00:05:02]} {[%emt 00:00:03]} 5. e3 {[%clk 00:05:00]} {[%emt 00:00:02]}
O-O {[%clk 00:05:00]} {[%emt 00:00:04]} 6. Bd3 {[%clk 00:05:00]} {[%emt
00:00:03]} d5 {[%clk 00:04:51]} {[%emt 00:00:11]} 7. Nge2 {[%clk 00:05:00]}
{[%emt 00:00:03]} Bb6 {[%clk 00:04:45]} {[%emt 00:00:08]} 8. O-O {[%clk
00:04:58]} {[%emt 00:00:03]} c5 {[%clk 00:04:44]} {[%emt 00:00:04]} 9. Re1
{[%clk 00:04:52]} {[%emt 00:00:08]} c4 {[%clk 00:04:40]} {[%emt 00:00:06]} 10.
Bg5 {[%clk 00:04:40]} {[%emt 00:00:13]} cxd3 {[%clk 00:04:38]} {[%emt
00:00:05]} 11. Qxd3 {[%clk 00:04:38]} {[%emt 00:00:03]} Nc6 {[%clk 00:04:38]}
{[%emt 00:00:02]} 12. e4 {[%clk 00:04:35]} {[%emt 00:00:05]} dxe4 {[%clk
00:04:32]} {[%emt 00:00:08]} 13. Nxe4 {[%clk 00:04:31]} {[%emt 00:00:06]} Nxd4
{[%clk 00:04:10]} {[%emt 00:00:25]} 14. Qg3 {[%clk 00:04:25]} {[%emt 00:00:06]}
Nxe2+ {[%clk 00:04:01]} {[%emt 00:00:12]} 15. Rxe2 {[%clk 00:04:25]} {[%emt
00:00:02]} Bc7 {[%clk 00:03:55]} {[%emt 00:00:09]} 16. Nxf6+ {[%clk 00:04:18]}
{[%emt 00:00:07]} Kh8 {[%clk 00:03:54]} {[%emt 00:00:04]} 17. Qh4 {[%clk
00:04:11]} {[%emt 00:00:09]} h6 {[%clk 00:03:34]} {[%emt 00:00:23]} 18. Bxh6
{[%clk 00:03:54]} {[%emt 00:00:19]} Qxf6 {[%clk 00:03:31]} {[%emt 00:00:03]} 19.
Bg5+ {[%clk 00:03:53]} {[%emt 00:00:03]} Kg8 {[%clk 00:03:24]} {[%emt
00:00:09]} 20. Bxf6 {[%clk 00:03:53]} {[%emt 00:00:03]} gxf6 {[%clk 00:03:23]}
{[%emt 00:00:02]} 21. Qxf6 {[%clk 00:03:53]} {[%emt 00:00:02]} Kh7 {[%clk
00:03:18]} {[%emt 00:00:07]} 22. Re3 {[%clk 00:03:52]} {[%emt 00:00:04]} e5
{[%clk 00:03:12]} {[%emt 00:00:08]} 23. Rg3 {[%clk 00:03:46]} {[%emt 00:00:06]}
Rg8 {[%clk 00:02:42]} {[%emt 00:00:33]} 24. Qh4# {[%clk 00:03:39]} {[%emt
00:00:05]} 1-0

[Event "World Youth & Cadets Blitz Championships"]
[Site "Rhodes, Greece"]
[Date "2022.05.03"]
[Round "8.1"]
[White "Nogerbek, Kazybek"]
[Black "Gomez Barrera, Gonzalo Andres"]
[Result "1-0"]
[TimeControl "5'/game & 2\"/move"]
[WhiteElo "2441"]
[BlackElo "1792"]

1. d4 {[%clk 00:03:55]} {[%emt 00:01:07]} Nf6 {[%clk 00:05:02]} {[%emt
00:00:03]} 2. Nf3 {[%clk 00:03:56]} {[%emt 00:00:01]} g6 {[%clk 00:05:02]}
{[%emt 00:00:02]} 3. c4 {[%clk 00:03:55]} {[%emt 00:00:03]} Bg7 {[%clk
00:05:03]} {[%emt 00:00:02]} 4. g3 {[%clk 00:03:55]} O-O {[%clk 00:05:03]}
{[%emt 00:00:02]} 5. Bg2 {[%clk 00:03:56]} {[%emt 00:00:01]} d6 {[%clk
00:05:02]} {[%emt 00:00:04]} 6. O-O {[%clk 00:03:54]} {[%emt 00:00:02]} Nbd7
{[%clk 00:04:51]} {[%emt 00:00:15]} 7. Nc3 {[%clk 00:03:54]} {[%emt 00:00:01]}
e5 {[%clk 00:04:52]} {[%emt 00:00:01]} 8. e4 {[%clk 00:03:56]} {[%emt
00:00:01]} c6 {[%clk 00:04:42]} {[%emt 00:00:12]} 9. h3 {[%clk 00:03:46]}
{[%emt 00:00:11]} a5 {[%clk 00:04:42]} {[%emt 00:00:02]} 10. Be3 {[%clk
00:03:46]} {[%emt 00:00:02]} Re8 {[%clk 00:04:39]} {[%emt 00:00:05]} 11. Re1
{[%clk 00:03:45]} {[%emt 00:00:03]} Qc7 {[%clk 00:04:24]} {[%emt 00:00:17]} 12.
Qc2 {[%clk 00:03:43]} {[%emt 00:00:04]} Nf8 {[%clk 00:03:56]} {[%emt 00:00:31]}
13. Rad1 {[%clk 00:03:38]} {[%emt 00:00:06]} exd4 {[%clk 00:03:43]} {[%emt
00:00:16]} 14. Nxd4 {[%clk 00:03:37]} {[%emt 00:00:02]} Ne6 {[%clk 00:03:44]}
{[%emt 00:00:02]} 15. b3 {[%clk 00:03:37]} {[%emt 00:00:01]} Nxd4 {[%clk
00:03:16]} {[%emt 00:00:30]} 16. Bxd4 {[%clk 00:03:38]} {[%emt 00:00:02]} Be6
{[%clk 00:03:17]} 17. Qd2 {[%clk 00:03:34]} {[%emt 00:00:06]} Rad8 {[%clk
00:03:13]} {[%emt 00:00:07]} 18. Qf4 {[%clk 00:03:32]} {[%emt 00:00:03]} Nh5
{[%clk 00:02:51]} {[%emt 00:00:25]} 19. Qe3 {[%clk 00:03:30]} {[%emt 00:00:03]}
Bxd4 {[%clk 00:02:05]} {[%emt 00:00:48]} 20. Qxd4 {[%clk 00:03:30]} {[%emt
00:00:02]} Ng7 {[%clk 00:01:57]} {[%emt 00:00:11]} 21. Qf6 {[%clk 00:03:21]}
{[%emt 00:00:10]} Rd7 {[%clk 00:01:26]} {[%emt 00:00:33]} 22. Rd2 {[%clk
00:03:16]} {[%emt 00:00:06]} Nh5 {[%clk 00:00:58]} {[%emt 00:00:32]} 23. Qd4
{[%clk 00:03:14]} {[%emt 00:00:03]} Ng7 {[%clk 00:00:52]} {[%emt 00:00:09]} 24.
Red1 {[%clk 00:03:13]} {[%emt 00:00:02]} Red8 {[%clk 00:00:45]} {[%emt
00:00:09]} 25. Na4 {[%clk 00:03:09]} {[%emt 00:00:06]} b5 {[%clk 00:00:40]}
{[%emt 00:00:08]} 26. cxb5 {[%clk 00:03:09]} {[%emt 00:00:02]} cxb5 {[%clk
00:00:41]} {[%emt 00:00:01]} 27. Nc3 {[%clk 00:03:00]} {[%emt 00:00:10]} b4
{[%clk 00:00:29]} {[%emt 00:00:14]} 28. Nb5 {[%clk 00:02:53]} {[%emt 00:00:10]}
Qb8 {[%clk 00:00:31]} 29. Nxd6 {[%clk 00:02:48]} {[%emt 00:00:07]} Rxd6 {[%clk
00:00:30]} {[%emt 00:00:03]} 30. Qxd6 {[%clk 00:02:45]} {[%emt 00:00:05]} Rxd6
{[%clk 00:00:30]} {[%emt 00:00:02]} 31. Rxd6 {[%clk 00:02:46]} {[%emt
00:00:01]} Ne8 {[%clk 00:00:18]} {[%emt 00:00:14]} 32. Rd8 {[%clk 00:02:45]}
{[%emt 00:00:02]} Qb5 {[%clk 00:00:16]} {[%emt 00:00:05]} 33. Rc1 {[%clk
00:02:28]} {[%emt 00:00:19]} Kg7 {[%clk 00:00:11]} {[%emt 00:00:07]} 34. Bf1
{[%clk 00:02:29]} Qg5 {[%clk 00:00:06]} {[%emt 00:00:06]} 35. Rcd1 {[%clk
00:02:30]} {[%emt 00:00:02]} Nf6 {[%clk 00:00:05]} {[%emt 00:00:03]} 36. Bg2
{[%clk 00:02:29]} {[%emt 00:00:02]} Qh5 {[%clk 00:00:05]} {[%emt 00:00:03]} 37.
h4 {[%clk 00:02:22]} {[%emt 00:00:08]} Qe2 {[%clk 00:00:06]} 38. R8d2 {[%clk
00:02:23]} {[%emt 00:00:02]} Qb5 {[%clk 00:00:06]} {[%emt 00:00:02]} 39. Rc1
{[%clk 00:02:10]} {[%emt 00:00:15]} Qe5 {[%clk 00:00:05]} {[%emt 00:00:02]} 40.
Re2 {[%clk 00:01:48]} {[%emt 00:00:24]} Bg4 {[%clk 00:00:06]} {[%emt 00:00:02]}
41. Ree1 {[%clk 00:01:31]} {[%emt 00:00:19]} Qb2 {[%clk 00:00:07]} {[%emt
00:00:01]} 42. e5 {[%clk 00:01:32]} {[%emt 00:00:01]} Nh5 {[%clk 00:00:05]}
{[%emt 00:00:03]} 43. Rc7 {[%clk 00:01:29]} {[%emt 00:00:05]} Be6 {[%clk
00:00:07]} 44. Bf1 {[%clk 00:01:02]} {[%emt 00:00:28]} Qxa2 {[%clk 00:00:07]}
{[%emt 00:00:02]} 45. Bc4 {[%clk 00:01:04]} Bxc4 {[%clk 00:00:04]} {[%emt
00:00:04]} 46. bxc4 {[%clk 00:01:05]} {[%emt 00:00:01]} b3 {[%clk 00:00:05]} 47.
e6 {[%clk 00:01:06]} b2 {[%clk 00:00:05]} {[%emt 00:00:02]} 48. Rxf7+ {[%clk
00:01:05]} {[%emt 00:00:03]} Kh6 {[%clk 00:00:06]} {[%emt 00:00:01]} 49. e7
{[%clk 00:01:06]} {[%emt 00:00:04]} b1=Q 50. e8=Q {[%clk 00:01:06]} {[%emt
00:00:02]} 1-0

[Event "World Youth & Cadets Blitz Championships"]
[Site "Rhodes, Greece"]
[Date "2022.05.03"]
[Round "8.2"]
[White "Krivenko, Dion"]
[Black "Can, Isik"]
[Result "0-1"]
[TimeControl "5'/game & 2\"/move"]
[WhiteElo "1978"]
[BlackElo "2130"]

1. e4 {[%clk 00:05:03]} {[%emt 00:00:01]} c6 {[%clk 00:05:04]} 2. d4 {[%clk
00:05:02]} {[%emt 00:00:03]} d5 {[%clk 00:05:06]} 3. e5 {[%clk 00:05:03]}
{[%emt 00:00:01]} Bf5 {[%clk 00:05:07]} 4. Bd3 {[%clk 00:05:04]} {[%emt
00:00:01]} Bxd3 {[%clk 00:05:07]} {[%emt 00:00:02]} 5. Qxd3 {[%clk 00:05:05]}
{[%emt 00:00:01]} e6 {[%clk 00:05:08]} 6. Ne2 {[%clk 00:05:06]} {[%emt
00:00:01]} c5 {[%clk 00:05:10]} {[%emt 00:00:01]} 7. c3 {[%clk 00:05:05]}
{[%emt 00:00:02]} Nc6 {[%clk 00:05:10]} {[%emt 00:00:02]} 8. O-O {[%clk
00:05:04]} {[%emt 00:00:02]} Nge7 {[%clk 00:04:56]} {[%emt 00:00:17]} 9. a3
{[%clk 00:05:04]} {[%emt 00:00:02]} Nf5 {[%clk 00:04:42]} {[%emt 00:00:16]} 10.
b4 {[%clk 00:05:01]} {[%emt 00:00:04]} cxd4 {[%clk 00:04:40]} {[%emt 00:00:05]}
11. cxd4 {[%clk 00:05:02]} {[%emt 00:00:01]} Qb6 {[%clk 00:04:34]} {[%emt
00:00:08]} 12. Be3 {[%clk 00:04:57]} {[%emt 00:00:07]} Be7 {[%clk 00:04:12]}
{[%emt 00:00:24]} 13. Nbc3 {[%clk 00:04:58]} {[%emt 00:00:02]} O-O {[%clk
00:04:01]} {[%emt 00:00:12]} 14. Nxd5 {[%clk 00:04:51]} {[%emt 00:00:09]} exd5
{[%clk 00:03:52]} {[%emt 00:00:11]} 15. Qxf5 {[%clk 00:04:50]} {[%emt
00:00:04]} a5 {[%clk 00:03:48]} {[%emt 00:00:05]} 16. bxa5 {[%clk 00:04:04]}
{[%emt 00:00:48]} Rxa5 {[%clk 00:03:39]} {[%emt 00:00:11]} 17. Rab1 {[%clk
00:03:51]} {[%emt 00:00:15]} Qc7 {[%clk 00:03:09]} {[%emt 00:00:32]} 18. Nf4
{[%clk 00:03:38]} {[%emt 00:00:15]} Bxa3 {[%clk 00:02:49]} {[%emt 00:00:23]} 19.
e6 {[%clk 00:03:22]} {[%emt 00:00:18]} Ne7 {[%clk 00:01:58]} {[%emt 00:00:52]}
20. Qg4 {[%clk 00:03:03]} {[%emt 00:00:21]} Bd6 {[%clk 00:01:31]} {[%emt
00:00:29]} 21. Rfc1 {[%clk 00:02:46]} {[%emt 00:00:19]} Nc6 {[%clk 00:01:26]}
{[%emt 00:00:07]} 22. Nh5 {[%clk 00:02:36]} {[%emt 00:00:12]} f5 {[%clk
00:00:40]} {[%emt 00:00:47]} 23. Qg5 {[%clk 00:02:18]} {[%emt 00:00:20]} f4
{[%clk 00:00:39]} {[%emt 00:00:05]} 24. Bd2 {[%clk 00:02:18]} {[%emt 00:00:02]}
Ra2 {[%clk 00:00:40]} 25. Re1 {[%clk 00:01:49]} {[%emt 00:00:32]} Qe7 {[%clk
00:00:19]} {[%emt 00:00:22]} 26. Qg4 {[%clk 00:01:11]} {[%emt 00:00:41]} Rxd2
{[%clk 00:00:04]} {[%emt 00:00:17]} 27. Rxb7 {[%clk 00:01:12]} Qxb7 {[%clk
00:00:03]} {[%emt 00:00:03]} 28. e7 {[%clk 00:01:13]} g6 {[%clk 00:00:04]}
{[%emt 00:00:01]} 29. Qe6+ {[%clk 00:00:53]} {[%emt 00:00:21]} Kh8 {[%emt
00:00:06]} 30. e8=Q {[%emt 00:00:34]} Be7 {[%clk 00:00:05]} 31. Q8xc6 {[%clk
00:00:15]} {[%emt 00:00:06]} Qxc6 {[%clk 00:00:04]} {[%emt 00:00:03]} 32. Qxc6
{[%clk 00:00:14]} {[%emt 00:00:02]} gxh5 {[%clk 00:00:05]} 33. Qe6 {[%clk
00:00:11]} {[%emt 00:00:05]} Bf6 {[%clk 00:00:06]} {[%emt 00:00:01]} 34. Qxd5
{[%clk 00:00:10]} {[%emt 00:00:04]} Bxd4 {[%clk 00:00:06]} {[%emt 00:00:01]} 35.
Qf3 {[%clk 00:00:04]} {[%emt 00:00:09]} Bxf2+ {[%clk 00:00:07]} 36. Qxf2 {[%clk
00:00:05]} Rxf2 {[%clk 00:00:08]} {[%emt 00:00:01]} 0-1